000 00470nam a22001697a 4500
003 BD-ChCU
005 20251208085902.0
008 251208b bg ||||| |||| 00| 0 ben d
040 _cBD-ChCU
082 _a510 STF
100 _aStein , Edwin I.
_917620
245 _aFirst course in fundamentals of mathematics./
_cI Edwin , Stein .
260 _aBoston :
_bAllyn and Bacon ,
_cC 1973
300 _axi , 404p
650 0 _aMathematics .
_917621
942 _2ddc
_cBK
_n0
999 _c110194
_d110194